| 000 | 00795nam a22002297a 4500 | ||
|---|---|---|---|
| 999 |
_c11292 _d11292 |
||
| 003 | AR-CdUCM | ||
| 008 | 190403b ||||| |||| 00| 0 spa d | ||
| 040 |
_aMUNICIPALIDAD PROVINCIAL DEL CUSCO _cBIBLIOTECA MUNICIPAL DEL CUSCO |
||
| 082 |
_a750.92 / _bP346 / 1943 |
||
| 100 |
_aPayró , Julio E _9467 |
||
| 245 | _aPaul Gauguin / | ||
| 260 |
_aBuenos Aires : _bPoseidón, _c1943. |
||
| 300 |
_a66 páginas ; _bIlustraciones, _c23 cm. |
||
| 500 | _aLibro dañado. | ||
| 505 | _aContenido: Auto retrato. Hacia 1893. Colección Charles Morice, París -- Retrato fotográfico de Paúl Gauguin -- Retrato de niña (dibujo) ... | ||
| 650 |
_aGauguin, Paul _928589 |
||
| 650 |
_a1848-1903 _928590 |
||
| 650 |
_aBiografía _922 |
||
| 650 |
_aPintores _96624 |
||
| 942 |
_2ddc _cLIBROS |
||
| 945 | _acmm | ||